Państwa z legalną Karą Śmierci - Nagła Śmierć - Statystyki

Ogólne statystyki
  • Ten quiz został rozwiązany 200 razy
  • Średni wynik to 8 z 40
Answers on the Grid
Answers color-coded by a green-red scale on the quiz's grid according to % correct below.
Afganistan
Algieria
Angola
Arabia Saudyjska
Bahrajn
Belize
Bhutan
Białoruś
Botswana
Brazylia
Brunei
Burkina Faso
Chile
Chiny
Czad
Egipt
Erytrea
Etiopia
Francja
Gabon
Ghana
Gujana
Gwatemala
Gwinea
Hiszpania
Indie
Indonezja
Iran
Japonia
Jordania
Kambodża
Kanada
Katar
Kazachstan
Korea Północna
Korea Południowa
Kuba
Laos
Libia
Malezja
Mali
Meksyk
Mjanma
Monako
Mozambik
Nepal
Nigeria
Norwegia
Nowa Zelandia
Oman
Pakistan
Peru
Republika Południowej Afryki
Rosja
Serbia
Singapur
Somalia
Stany Zjednoczone
Syria
Szwecja
Tajlandia
Tunezja
Turcja
Uganda
Ukraina
Uzbekistan
Watykan
Wenezuela
Wietnam
Zjednoczone Emiraty Arabskie
 
Statystyki odpowiedzi
Odpowiedź % Poprawnych
Afganistan
83%
Arabia Saudyjska
68%
Białoruś
63%
Chiny
51%
Stany Zjednoczone
48%
Korea Północna
41%
Iran
38%
Zjednoczone Emiraty Arabskie
30%
Bahrajn
22%
Egipt
22%
Pakistan
22%
Rosja
22%
Somalia
21%
Algieria
19%
Japonia
19%
Syria
19%
Katar
16%
Singapur
16%
Libia
14%
Erytrea
13%
Mjanma
13%
Jordania
11%
Wietnam
11%
Indie
10%
Nigeria
10%
Mali
8%
Oman
8%
Tunezja
8%
Indonezja
6%
Kuba
6%
Tajlandia
6%
Etiopia
5%
Belize
3%
Botswana
3%
Brunei
3%
Laos
3%
Malezja
3%
Uganda
3%
Gujana
0%
Korea Południowa
0%
Nie znaleziono quizów pasujących do podanych kryteriów
Rozkład punktacji
Procent ludzi z każdym wynikiem
Percentyl według liczby udzielonych odpowiedzi
Twoja historia wyników
Nie rozwiązałeś tego quizu